| 000 | 00692nam a2200229Ia 4500 | ||
|---|---|---|---|
| 005 | 20260429111931.0 | ||
| 008 | 260429s9999||||xx |||||||||||||| ||und|| | ||
| 020 | _a9788126938629 | ||
| 041 | _aEnglish | ||
| 082 |
_a658.406 _bMAI |
||
| 100 | _aMaital, Shlomo | ||
| 245 | 0 |
_aInnovation management : _bstrategies concepts and tools for growth and profit / _cShlomo Maital |
|
| 250 | _a1st ed. | ||
| 260 |
_aNew Delhi : _bAtlantic Publishers & Distributors (P) Ltd, _c2024. |
||
| 300 | _a491 p.; hb | ||
| 650 | _a Business growth | ||
| 650 | _a Entrepreneurship | ||
| 650 | _a Strategic management | ||
| 650 | _aInnovation management | ||
| 700 | _a Seshadri, D.V.R. | ||
| 942 | _cTB | ||
| 999 |
_c51499 _d51499 |
||